004970000a22001210004500090001700000245016700017041001400184700003100198100002700229942001300256773008900269999001700358 aASbSeriadas10aRevisión de las fichas de identificación de la FAO para peces marinos del Atlántico Centro-Occidental, incluyendo nuevos registros para el Caribe colombiano0 aEspañol1 aGarzón F., Jaime91002981 aAcero P., Arturo97522 cARTICULO1 tAnales del Instituto de Investigaciones Marinas de Punta de Betính12q33-39d1982 c16093d16093